00957nam a2200241Ia 4500001000600000003000900006008004100015040001300056040001300069041001200082100002500094100002900119245003400148245005600182250001100238260001100249260002700260260004900287300005900336500027400395650001500669650003100684B4485IT-RoPAU130308s9999 xx 000 0 und d aIT-RoPAU cIT-RoPAU aINGLESE aFitzgerald Thomas K. gCodice Aut. SPICS: 38330 aMedia, Ethnicity and Identity bCulture And Power-A Media, Culture & Society Reader a1a ed. aLONDON bSage Publications B.H. c1992 [1° Ed.:1992 - Ed.Ling.Originale:1992] a"22 p. (prefazione: no ; testo: 22 [pagine: 112-133])" aMedia, Etnicità e Identità. Etnogenesi: Metafora della Costruzione di Identità. Revivalismo Culturale Nuova Etnicità. Etnicita': colore classe e Cultura. Relativismo Culturale Volgarizzato. Metafora della Proprietà Culturale. Metafore, Media e cambio Sociale. aSOCIOLOGIA eCodice materia Spics: 3651